[Event "ESP-chT Div I 2018"]
[Site "Linares"]
[Date "2018.08.07"]
[Round "2"]
[White "Vergara Anton, Diego"]
[Black "Rubio Mejia, Luis Ignacio"]
[Result "1/2-1/2"]
[WhiteElo "2022"]
[BlackElo "2442"]
[Annotator "NA"]
[PlyCount "62"]
[EventDate "2018.08.06"]
[EventType "team-tourn"]
[EventCountry "ESP"]
[SourceTitle "playchess.com"]
[Source "ChessBase"]
[SourceQuality "1"]
[TimeControl "40/5400+30:1800+30"]

1. d4 {[%emt 0:00:00]} Nf6 {[%emt 0:00:00]} 2. Nf3 {[%emt 0:00:00]} e6 {[%emt 0:00:02]} 3. g3 {[%emt 0:00:00]} b6 {[%emt 0:03:46]} 4. Bg2 {[%emt 0:00:51]} Bb7 {[%emt 0:00:08]} 5. O-O {[%emt 0:01:06]} Be7 {[%emt 0:00:10]} 6. c4 {[%emt 0:01:40]} O-O {[%emt 0:00:37]} 7. b3 {[%emt 0:02:37]} c5 {[%emt 0:07:54]} 8. Bb2 {[%emt 0:02:39]} cxd4 {[%emt 0:03:45]} 9. Nxd4 {[%emt 0:03:30]} Bxg2 {[%emt 0:00:51]} 10. Kxg2 {[%emt 0:00:01]} Qc8 {[%emt 0:05:48]} 11. Nd2 {[%emt 0:04:55]} a6 {[%emt 0:12:58]} 12. e3 {[%emt 0:07:22]} Ra7 {[%emt 0:08:30]} 13. Qf3 {[%emt 0:04:30]} Rc7 {[%emt 0:05:40]} 14. Rac1 {[%emt 0:06:17]} d6 {[%emt 0:02:56]} 15. Nc2 {[%emt 0:14:24]} Nbd7 {[%emt 0:09:57]} 16. Bxf6 {[%emt 0:06:33]} Nxf6 {[%emt 0:05:22]} 17. Nd4 {[%emt 0:06:46]} b5 {[%emt 0:07:54]} 18. Rc2 {[%emt 0:04:47]} d5 {[%emt 0:12:44]} 19. Rfc1 {[%emt 0:00:16]} Ba3 {[%emt 0:00:56]} 20. Rb1 {[%emt 0:08:07]} bxc4 {[%emt 0:03:55]} 21. bxc4 {[%emt 0:01:19]} dxc4 {[%emt 0:00:37]} 22. Rc3 {[%emt 0:02:49]} Bc5 {[%emt 0:03:58]} 23. Rbc1 {[%emt 0:07:32]} Bxd4 {[%emt 0:01:14]} 24. exd4 {[%emt 0:00:02]} Qd8 {[%emt 0:01:16]} 25. Rxc4 {[%emt 0:01:22]} Rd7 {[%emt 0:00:08]} 26. Nb3 {[%emt 0:00:39]} Rd5 {[%emt 0:00:50]} 27. Rc5 {[%emt 0:00:46]} h6 {[%emt 0:00:56]} 28. Rxd5 {[%emt 0:01:18]} Nxd5 {[%emt 0:00:14]} 29. Nc5 {[%emt 0:01:51]} Qa5 {[%emt 0:00:37]} 30. Qe2 {[%emt 0:04:47]} Qb4 {[%emt 0:00:42]} 31. Qd3 {[%emt 0:02:49]} Ra8 {[%emt 0:00:27]} 1/2-1/2

[Event "ESP-chT Div I 2018"]
[Site "Linares"]
[Date "2018.08.07"]
[Round "2"]
[White "Gonzalez Guedes, Iyan"]
[Black "Vazquez Torres, Adrian"]
[Result "0-1"]
[WhiteElo "1925"]
[BlackElo "2174"]
[Annotator "NA"]
[PlyCount "68"]
[EventDate "2018.08.06"]
[EventType "team-tourn"]
[EventCountry "ESP"]
[SourceTitle "playchess.com"]
[Source "ChessBase"]
[SourceQuality "1"]
[TimeControl "40/5400+30:1800+30"]

1. e4 {[%emt 0:00:00]} c5 {[%emt 0:00:00]} 2. Nf3 {[%emt 0:00:00]} d6 {[%emt 0:00:00]} 3. c3 {[%emt 0:00:00]} Nf6 {[%emt 0:00:34]} 4. Bd3 {[%emt 0:00:13]} g6 {[%emt 0:00:54]} 5. O-O {[%emt 0:00:47]} Bg7 {[%emt 0:00:15]} 6. Bc2 {[%emt 0:00:40]} O-O {[%emt 0:00:16]} 7. h3 {[%emt 0:01:15]} Nc6 {[%emt 0:02:50]} 8. d4 {[%emt 0:01:37]} e5 {[%emt 0:06:37]} 9. dxe5 {[%emt 0:07:53]} dxe5 {[%emt 0:00:07]} 10. Be3 {[%emt 0:00:10]} b6 {[%emt 0:01:23]} 11. Nbd2 {[%emt 0:02:49]} Ba6 {[%emt 0:01:41]} 12. Re1 {[%emt 0:02:06]} Qc7 {[%emt 0:01:20]} 13. a3 {[%emt 0:04:13]} c4 {[%emt 0:02:06]} 14. Qe2 {[%emt 0:06:00]} Na5 {[%emt 0:03:14]} 15. Bb1 {[%emt 0:15:41]} Bb7 {[%emt 0:02:00]} 16. Ba2 {[%emt 0:05:03]} Rac8 {[%emt 0:02:35]} 17. Bg5 {[%emt 0:03:21]} h6 {[%emt 0:20:58]} 18. Bh4 {[%emt 0:04:18]} Nh5 {[%emt 0:01:58]} 19. Red1 {[%emt 0:11:02]} Nf4 {[%emt 0:05:59]} 20. Qe3 {[%emt 0:03:41]} f5 {[%emt 0:06:58]} 21. g3 {[%emt 0:09:40]} Nxh3+ {[%emt 0:06:58]} 22. Kh2 {[%emt 0:01:06]} Nxf2 {[%emt 0:01:00]} 23. Qxf2 {[%emt 0:01:15]} fxe4 {[%emt 0:00:07]} 24. b4 {[%emt 0:02:16]} cxb3 {[%emt 0:00:41]} 25. Nxb3 {[%emt 0:00:06]} Nxb3 {[%emt 0:00:27]} 26. Bxb3+ {[%emt 0:00:07]} Kh7 {[%emt 0:00:11]} 27. Be6 {[%emt 0:03:51]} Rxf3 {[%emt 0:00:42]} 28. Qa2 {[%emt 0:03:30]} Rcf8 {[%emt 0:00:32]} 29. g4 {[%emt 0:01:41]} Qxc3 {[%emt 0:01:14]} 30. g5 {[%emt 0:02:00]} Qe3 {[%emt 0:00:32]} 31. Kg2 {[%emt 0:01:32]} Qf4 {[%emt 0:01:54]} 32. Rd7 {[%emt 0:02:45]} Qxh4 {[%emt 0:00:12]} 33. Rxg7+ {[%emt 0:00:47]} Kxg7 {[%emt 0:00:09]} 34. gxh6+ {[%emt 0:00:08]} Kh8 {[%emt 0:00:15]} 0-1

[Event "ESP-chT Div I 2018"]
[Site "Linares"]
[Date "2018.08.08"]
[Round "3"]
[White "Naiditsch, Arkadij"]
[Black "Mista, Aleksander"]
[Result "1-0"]
[WhiteElo "2711"]
[BlackElo "2604"]
[Annotator "TA"]
[PlyCount "93"]
[EventDate "2018.08.06"]
[EventType "team-tourn"]
[EventCountry "ESP"]
[SourceTitle "playchess.com"]
[Source "ChessBase"]
[SourceQuality "1"]

{[%evp 18,92,30,21,17,16,16,7,17,15,26,41,41,36,41,12,50,25,25,11,21,15,11,12,12,0,52,62,71,66,50,47,96,94,101,77,104,103,112,112,120,2,112,113,198,208,214,206,198,199,192,195,447,455,437,304,254,0,302,82,92,95,619,638,595,618,576,568,682,644,12839,12839,12844,12844,29998,29999,29999]} 1. e4 c5 2. Nf3 d6 3. Bb5+ Bd7 4. c4 Nf6 5. Nc3 g6 (5... a6 6. Bxd7+ Nbxd7 7. O-O Rc8 8. Re1 e6 9. b3 Ne5 10. d3 Be7 11. Bf4 Nfd7 12. Nxe5 dxe5 {½-½ (29) Vachier Lagrave,M (2804)-Grischuk,A (2737) Doha 2016}) 6. d4 {B52: Sicilian: Moscow Variation with 3...Bd7} cxd4 7. Nxd4 Bg7 8. Be3 O-O 9. Bxd7 Qxd7 10. h3 {LiveBook: 53 Games} Rc8 11. b3 a6 12. a4 Nc6 13. O-O Qd8 14. Nde2 Nd7 $146 15. Rb1 Qa5 16. Qd2 Qb4 17. Rfc1 e6 18. Qd1 Rd8 19. Bg5 Bf6 20. Bd2 Qb6 $1 21. Nf4 Nb4 {[#]} (21... Bd4 $11) 22. a5 $1 $14 {[%cal Ra5b6][%mdl 512]} Qa7 (22... Qxa5 23. Ncd5) 23. Be3 Qb8 24. Na4 Nc5 {[%cal Bd7c5,Bc5e4,Be4c3][%mdl 32]} 25. Nb6 Na2 26. b4 $36 {[%mdl 2048] White is in control.} Nxe4 27. Qc2 Nec3 ({Much worse is} 27... Nxc1 $6 28. Rxc1 Nc3 29. Nxa8 $11) 28. Nxa8 {Strongly threatening Nb6.} Qxa8 {[#]} 29. Bd2 (29. Rb3 $1 $16) 29... Nxc1 (29... d5 $11 {remains equal.}) 30. Rxc1 $16 Rc8 (30... Be5 $16) 31. Bxc3 $18 Rxc4 32. Bxf6 Rxc2 33. Rxc2 Qb8 34. Nd3 h5 $2 (34... g5 35. Bxg5 e5) 35. h4 Kh7 36. Nf4 Kg8 37. Nd3 Kh7 $1 {[#]} 38. g3 $2 (38. Ne1 $1 $18) 38... e5 $16 39. Ne1 {Hoping for Nf3.} g5 $2 {[%mdl 8192]} (39... Qe8 $16) 40. hxg5 $18 Kg6 41. Ng2 Kf5 42. Ne3+ Ke4 43. Rd2 b6 44. Kg2 bxa5 45. g6 {White wants to mate with f3+.} fxg6 46. f3+ Kxe3 47. Bg5# {Precision: White = 59%, Black = 41%.} 1-0

[Event "ESP-chT Div I 2018"]
[Site "Linares"]
[Date "2018.08.08"]
[Round "3"]
[White "Vazquez Igarza, Renier"]
[Black "Van Wely, Loek"]
[Result "1/2-1/2"]
[WhiteElo "2577"]
[BlackElo "2650"]
[Annotator "TA"]
[PlyCount "70"]
[EventDate "2018.08.06"]
[EventType "team-tourn"]
[EventCountry "ESP"]
[SourceTitle "playchess.com"]
[Source "ChessBase"]
[SourceQuality "1"]

{[%evp 21,70,29,17,24,22,0,0,0,8,8,15,0,3,0,14,6,21,5,60,65,77,88,75,26,23,0,47,5,5,10,4,0,0,0,0,0,0,-6,6,-20,0,0,0,0,-1,-14,0,0,0,-12,0]} 1. d4 Nf6 2. c4 g6 3. g3 c5 4. Nf3 cxd4 5. Nxd4 d5 6. Bg2 Bg7 7. cxd5 Nxd5 8. O-O O-O 9. Nc3 Nxc3 10. bxc3 Nc6 11. Nxc6 bxc6 {LiveBook: 68 Games} 12. Bg5 {D75: Fianchetto Grünfeld: Main Line with 7...c5} Ba6 13. Qxd8 Rfxd8 14. Bxe7 Rd2 15. Rfd1 {[#]} Rxe2 $146 ({Predecessor:} 15... Rxd1+ 16. Rxd1 Bxe2 17. Rd7 Bb5 18. Rb7 a6 19. c4 Bxc4 20. Bxc6 {½-½ (70) Cori Tello,J (2660)-Zherebukh,Y (2636) chess.com INT 2018}) 16. Bxc6 Rc8 17. Bb4 Rb2 18. Bd7 Rc7 {[#] White must now prevent ...Rxb4!} 19. Ba4 h5 (19... Rc8 $11) 20. Bb3 $14 h4 21. Rd8+ Kh7 22. Re1 h3 $1 23. Rde8 Bf6 24. R8e3 {Threatening Rf3.} Kg7 {The position is equal.} 25. Ba3 Rd2 26. Bb4 Rb2 27. Rf3 Bc4 28. Ba3 Rd2 29. Bb4 Rc6 30. Rfe3 Bd8 31. Bxc4 $1 Rxc4 32. R3e2 Rd3 33. Re3 Rd2 {Hoping for ...a5.} 34. R3e2 Rd3 35. Re3 Rd2 {Precision: White = 42%, Black = 42%.} 1/2-1/2

[Event "ESP-chT Div I 2018"]
[Site "Linares"]
[Date "2018.08.08"]
[Round "3"]
[White "Quesada Perez, Yasser"]
[Black "Plazuelo Pascual, Juan"]
[Result "1/2-1/2"]
[WhiteElo "2534"]
[BlackElo "2429"]
[Annotator "ChessBase"]
[PlyCount "86"]
[EventDate "2018.08.06"]
[EventType "team-tourn"]
[EventCountry "ESP"]
[SourceTitle "playchess.com"]
[Source "ChessBase"]
[SourceQuality "1"]
[TimeControl "40/5400+30:1800+30"]

1. e4 {[%emt 0:00:00]} e6 {[%emt 0:00:00]} 2. d4 {[%emt 0:00:00]} d5 {[%emt 0:00:00]} 3. Bd3 {[%emt 0:00:06]} dxe4 {[%emt 0:00:42]} 4. Bxe4 {[%emt 0:00:06]} Nf6 {[%emt 0:00:07]} 5. Bf3 {[%emt 0:00:03]} c5 {[%emt 0:00:44]} 6. Ne2 {[%emt 0:00:08]} Nc6 {[%emt 0:00:43]} 7. Be3 {[%emt 0:00:11]} cxd4 {[%emt 0:00:23]} 8. Nxd4 {[%emt 0:00:06]} Ne5 {[%emt 0:00:05]} 9. Nc3 {[%emt 0:00:11]} Bb4 {[%emt 0:03:18]} 10. Ndb5 {[%emt 0:00:26]} Bd7 {[%emt 0:01:37]} 11. a3 {[%emt 0:00:16]} Bxc3+ {[%emt 0:00:30]} 12. Nxc3 {[%emt 0:00:06]} Bc6 {[%emt 0:00:37]} 13. Bxc6+ {[%emt 0:06:55]} Nxc6 {[%emt 0:00:39]} 14. Bg5 {[%emt 0:05:45]} h6 {[%emt 0:20:11]} 15. Bh4 {[%emt 0:01:54]} Qxd1+ {[%emt 0:05:07]} 16. Rxd1 {[%emt 0:00:09]} Ke7 {[%emt 0:00:18]} 17. f4 {[%emt 0:14:06]} Rhd8 {[%emt 0:15:10]} 18. O-O {[%emt 0:01:17]} b6 {[%emt 0:06:07]} 19. f5 {[%emt 0:10:53]} Rxd1 {[%emt 0:06:16]} 20. Rxd1 {[%emt 0:00:10]} Rd8 {[%emt 0:01:53]} 21. Rxd8 {[%emt 0:02:13]} Nxd8 {[%emt 0:01:01]} 22. Ne4 {[%emt 0:01:09]} exf5 {[%emt 0:02:36]} 23. Nxf6 {[%emt 0:01:14]} gxf6 {[%emt 0:01:57]} 24. Kf2 {[%emt 0:01:27]} Ke6 {[%emt 0:02:05]} 25. Bg3 {[%emt 0:11:26]} Nc6 {[%emt 0:02:59]} 26. Bf4 {[%emt 0:00:17]} Ne5 {[%emt 0:01:20]} 27. Kg3 {[%emt 0:11:55]} h5 {[%emt 0:01:01]} 28. Bd2 {[%emt 0:00:25]} Ng6 {[%emt 0:01:41]} 29. c4 {[%emt 0:00:08]} Ke5 {[%emt 0:03:59]} 30. Bc3+ {[%emt 0:01:02]} Ke6 {[%emt 0:01:00]} 31. Bd2 {[%emt 0:19:37]} Ke5 {[%emt 0:02:14]} 32. Bc3+ {[%emt 0:10:09]} Ke6 {[%emt 0:00:06]} 33. b4 {[%emt 0:00:04]} f4+ {[%emt 0:01:43]} 34. Kh3 Ne5 {[%emt 0:03:51]} 35. c5 {[%emt 0:00:46]} bxc5 {[%emt 0:00:08]} 36. b5 {[%emt 0:01:20]} f3 {[%emt 0:06:28]} 37. gxf3 {[%emt 0:00:11]} Nxf3 {[%emt 0:00:02]} 38. a4 {[%emt 0:00:46]} Nd4 {[%emt 0:04:05]} 39. Kh4 {[%emt 0:00:26]} Nf3+ {[%emt 0:01:03]} 40. Kg3 {[%emt 0:00:01]} Nd4 {[%emt 0:00:19]} 41. Kh4 {[%emt 0:30:01]} Nf3+ {[%emt 0:30:08]} 42. Kg3 {[%emt 0:00:03]} Nd4 {[%emt 0:00:03]} 43. Kh4 {[%emt 0:03:18]} Ke5 1/2-1/2

[Event "ESP-chT Div I 2018"]
[Site "Linares"]
[Date "2018.08.08"]
[Round "3"]
[White "Dvirnyy, Danyyil"]
[Black "Andres Gonzalez, Ivan"]
[Result "1/2-1/2"]
[WhiteElo "2496"]
[BlackElo "2349"]
[Annotator "TA"]
[PlyCount "60"]
[EventDate "2018.08.06"]
[EventType "team-tourn"]
[EventCountry "ESP"]
[SourceTitle "playchess.com"]
[Source "ChessBase"]
[SourceQuality "1"]

{[%evp 31,60,37,58,52,51,35,33,34,37,21,23,29,33,18,50,15,33,16,23,7,0,0,0,0,0,0,0,0,0,0,0]} 1. d4 d5 2. c4 e6 3. Nf3 Nf6 4. Nc3 c6 5. cxd5 exd5 6. Bg5 Be7 7. Qc2 g6 8. e4 dxe4 9. Bxf6 Bxf6 10. Qxe4+ Qe7 11. Bc4 Bf5 12. Qxe7+ {D36: Queen's Gambit Declined: Exchange Variation: Main line (5 Bg5 c6 6 Qc2)} Kxe7 13. O-O-O Rd8 (13... Nd7 14. h3 h5 15. Rhe1+ Kf8 16. Bd3 Bxd3 17. Rxd3 Kg7 18. Ne4 Rhd8 19. Nd6 Rab8 20. Rde3 Kf8 21. Ne4 Kg7 22. Nd6 Kf8 23. Ne4 Kg7 {½-½ (23) Romanov,E (2624)-Potkin,V (2682) Taganrog 2011}) 14. h3 Nd7 15. Rhe1+ Kf8 16. g4 Nb6 {LiveBook: 5 Games} 17. Bb3 Bc8 18. Ne4 Kg7 $1 19. Nxf6 Kxf6 20. Re5 $146 (20. Rd3 {with more complications.} Nd5 21. g5+ Kg7 22. Bxd5 cxd5 23. Re7) 20... Nd5 21. Bxd5 cxd5 22. Rde1 h6 23. Re7 b6 24. Kd2 Bd7 25. R1e5 Be6 {The position is equal.} 26. Rb7 Rdb8 27. Rxb8 Rxb8 28. Ng1 Ke7 29. Ne2 Kd6 30. Nf4 Rc8 {Precision: White = 58%, Black = 75%.} 1/2-1/2

[Event "ESP-chT Div I 2018"]
[Site "Linares"]
[Date "2018.08.08"]
[Round "3"]
[White "Alsina Leal, Daniel"]
[Black "Tejedor Fuente, Enrique"]
[Result "1-0"]
[WhiteElo "2480"]
[BlackElo "2408"]
[Annotator "ChessBase"]
[PlyCount "61"]
[EventDate "2018.08.06"]
[EventType "team-tourn"]
[EventCountry "ESP"]
[SourceTitle "playchess.com"]
[Source "ChessBase"]
[SourceQuality "1"]
[TimeControl "40/5400+30:1800+30"]

1. e4 {[%emt 0:00:00]} e6 {[%emt 0:00:12]} 2. d4 {[%emt 0:00:00]} d5 {[%emt 0:00:08]} 3. Nd2 {[%emt 0:00:00]} Nc6 {[%emt 0:00:38]} 4. Ngf3 {[%emt 0:00:00]} Nf6 {[%emt 0:00:25]} 5. e5 {[%emt 0:00:14]} Nd7 {[%emt 0:00:05]} 6. Nb3 {[%emt 0:00:31]} f6 {[%emt 0:06:37]} 7. Bb5 {[%emt 0:02:06]} fxe5 {[%emt 0:09:07]} 8. dxe5 {[%emt 0:00:13]} Qe7 {[%emt 0:07:16]} 9. O-O {[%emt 0:06:41]} Nb6 {[%emt 0:05:56]} 10. a4 {[%emt 0:17:21]} Bd7 {[%emt 0:06:22]} 11. a5 {[%emt 0:01:08]} Nc8 {[%emt 0:12:26]} 12. a6 {[%emt 0:13:55]} b6 {[%emt 0:16:10]} 13. c4 {[%emt 0:03:24]} Nb4 {[%emt 0:00:01]} 14. Bd2 {[%emt 0:23:52]} c6 {[%emt 0:02:07]} 15. cxd5 {[%emt 0:02:11]} Nxd5 {[%emt 0:02:26]} 16. Bc4 {[%emt 0:07:19]} c5 {[%emt 0:11:16]} 17. Bxd5 {[%emt 0:02:34]} exd5 {[%emt 0:00:07]} 18. e6 {[%emt 0:03:29]} Bc6 {[%emt 0:02:45]} 19. Nbd4 {[%emt 0:04:26]} cxd4 {[%emt 0:06:41]} 20. Nxd4 {[%emt 0:00:15]} Qc7 {[%emt 0:00:00]} 21. Qf3 {[%emt 0:03:06]} Bc5 {[%emt 0:05:13]} 22. Nxc6 {[%emt 0:00:32]} Qxc6 {[%emt 0:00:29]} 23. Qf7+ {[%emt 0:02:58]} Kd8 {[%emt 0:00:00]} 24. Rac1 {[%emt 0:00:28]} Nd6 {[%emt 0:01:23]} 25. Qxg7 {[%emt 0:02:50]} Re8 {[%emt 0:01:45]} 26. b4 {[%emt 0:00:09]} Nc4 {[%emt 0:02:35]} 27. bxc5 {[%emt 0:00:21]} Nxd2 {[%emt 0:00:49]} 28. cxb6 {[%emt 0:01:29]} Nc4 {[%emt 0:00:00]} 29. b7 {[%emt 0:00:20]} Rxe6 {[%emt 0:00:59]} 30. Rxc4 {[%emt 0:01:15]} dxc4 {[%emt 0:00:15]} 31. Rd1+ {[%emt 0:00:32]} 1-0

[Event "ESP-chT Div I 2018"]
[Site "Linares"]
[Date "2018.08.08"]
[Round "3"]
[White "Espinosa Aranda, Angel"]
[Black "Martinez Alcantara, Jose Eduardo"]
[Result "1/2-1/2"]
[WhiteElo "2451"]
[BlackElo "2561"]
[Annotator "TA"]
[PlyCount "168"]
[EventDate "2018.08.06"]
[EventType "team-tourn"]
[EventCountry "ESP"]
[SourceTitle "playchess.com"]
[Source "ChessBase"]
[SourceQuality "1"]

{[%evp 17,168,95,107,90,96,108,162,146,254,259,254,237,257,264,227,107,66,89,90,47,48,3,4,13,41,38,120,120,113,110,100,97,123,123,119,119,122,107,115,114,109,116,127,122,125,119,111,126,129,126,163,153,149,137,137,133,177,158,177,111,157,156,145,122,135,135,130,123,144,107,143,134,134,134,156,144,137,126,238,238,241,241,296,288,335,343,351,221,214,220,207,225,185,175,185,218,201,182,207,160,167,175,220,215,320,308,324,314,366,364,366,363,343,333,292,288,289,288,283,283,283,282,281,276,269,262,262,257,249,244,226,217,292,289,340,199,309,310,343,333,318,324,306,68,68,67,68,0,0,0,0,0,0]} 1. Nf3 {[%cal Bg1f3,Bf3d4,Bd4b5,Bb5d6][%mdl 32]} c5 2. c4 Nc6 3. d4 cxd4 4. Nxd4 Nf6 5. Nc3 e6 {[%cal Be7e6,Be6e5][%mdl 32]} 6. Ndb5 Bc5 7. Bf4 e5 {A33: Englische Eröffnung (Symmetrische Variante)} (7... O-O 8. Bc7 Qe7 9. Bd6 Bxd6 10. Qxd6 Qd8 11. e4 a6 12. Na3 Qb6 13. Qd2 Rd8 14. Be2 d5 15. exd5 exd5 16. cxd5 Be6 17. Nc4 Qc5 18. Ne3 Nxd5 19. Ncxd5 Bxd5 {0-1 (34) Buhmann,R (2633)-Zelbel,P (2452) Germany 2017}) 8. Be3 Bxe3 9. Nd6+ Kf8 {LiveBook: 3 Partien. Weiß steht besser.} 10. fxe3 h5 $146 ({Vorgänger:} 10... Ne8 11. Nce4 Nxd6 12. Nxd6 Qa5+ 13. Kf2 h5 14. a3 Rh6 15. b4 {1-0 (24) Piasetski,L (2257)-Lochte,T (2116) Porto Mannu 2018}) 11. g3 Qb6 (11... Ne8 $16 {ist eine bessere Verteidigung.}) 12. Qd2 $18 Ng4 (12... Rh6 $16) 13. Nd5 $1 {[%cal Rd5b6]} Qc5 14. Ne4 $1 {[%cal Re4c5]} Qxc4 15. Bg2 $1 Nd4 {Droht stark ...Sc2+.} 16. exd4 (16. Nec3 $1 $18) 16... Qxd5 $16 17. h3 Nh6 18. dxe5 Qxe5 19. O-O $40 {[%mdl 128] Droht Sd6 und aus. Weiss hat einigen Angriff.} d5 20. Ng5 d4 21. Rad1 g6 (21... Kg8 $14) 22. Qxd4 Qxd4+ 23. Rxd4 Kg7 24. Rc4 Rd8 25. Rc7 {[%cal Rg5f7]} Rd7 26. Rfc1 Rxc7 27. Rxc7 Kf6 28. h4 Rb8 29. Bd5 {[%cal Rd5f7]} Ke5 30. Bxf7 Nxf7 31. Nxf7+ {[%mdl 4096] Endspiel KTL-KTS} Kd5 32. Kf2 Bg4 33. Ng5 Ke5 34. Rg7 Kf6 35. Rf7+ Ke5 36. Ke3 a5 37. Nf3+ Kd5 38. Re7 (38. Nd4 $18) 38... b6 39. Re5+ Kd6 {...Lxf3 ist eine echte Drohung.} 40. Kd4 Rc8 41. Rb5 Kc7 42. Rg5 Rd8+ 43. Kc3 Re8 44. Ne5 ({Doch nicht} 44. Rxg6 $6 Rxe2 45. Rg7+ Kb8 $14) 44... Bxe2 45. Nxg6 Kb7 46. Nf4 Bf3 47. Kd4 a4 (47... Rh8 $16 48. Rg7+ Ka6) 48. Nxh5 $18 Re2 49. Kc3 Re3+ 50. Kb4 $1 Re4+ 51. Ka3 $1 Bd1 52. Nf6 Re3+ 53. Kb4 Re2 54. b3 Rxa2 55. bxa4 Rxa4+ 56. Kc3 Ra2 57. Nd5 Rh2 58. Nb4 Kc7 59. Kd4 Kd7 60. Nd5 b5 (60... Rb2 {war einen Versuch wert.} 61. g4 Ke6) 61. Nc3 $1 {[%cal Rc3d1]} Bf3 {Wenn Schwarz jetzt Zeit für ...b4 hätte...} 62. Nxb5 ({Keinesfalls} 62. Rxb5 Bc6 $18) 62... Ke7 63. Ke3 Bd1 64. Nd4 Kf6 65. Rb5 Rg2 66. Kf4 Rf2+ 67. Ke4 $1 Bg4 68. Rb6+ Kg7 69. Ke3 Rf1 70. Rb2 Kg6 71. Rf2 Ra1 72. Kf4 Kh5 73. Rc2 $1 {[%cal Rc2c5] Und weiter mit Tc5+ wäre nett.} Rf1+ {[#]} 74. Ke3 $1 Bd1 75. Rc5+ Kg4 76. Rg5+ Kh3 {[#] Falls Schwarz jetzt zu ...Lg4 käme, bestünde noch etwas Hoffnung.} 77. Ne2 $1 Kh2 78. h5 Rf8 79. Nf4 Ra8 80. h6 $2 (80. Kf2 $18) 80... Rh8 $1 $14 81. Rd5 Kxg3 82. Rxd1 (82. Ng6 $1 $14 Rxh6 83. Rxd1) 82... Re8+ $1 $11 {Die Stellung ist ausgeglichen.} 83. Kd2 Kxf4 84. h7 {Und Tf1+ würde nun gewinnen.} Rh8 {Precision: Weiß = 76%, Schwarz = 53%.} 1/2-1/2

[Event "ESP-chT Div I 2018"]
[Site "Linares"]
[Date "2018.08.08"]
[Round "3"]
[White "Moreno Ruiz, Javier"]
[Black "Gonzalez de la Torre, Santiago"]
[Result "1/2-1/2"]
[WhiteElo "2450"]
[BlackElo "2434"]
[Annotator "ChessBase"]
[PlyCount "101"]
[EventDate "2018.08.06"]
[EventType "team-tourn"]
[EventCountry "ESP"]
[SourceTitle "playchess.com"]
[Source "ChessBase"]
[SourceQuality "1"]
[TimeControl "40/5400+30:1800+30"]

1. e4 {[%emt 0:00:00]} c5 {[%emt 0:03:45]} 2. c3 {[%emt 0:00:00]} Nf6 {[%emt 0:00:23]} 3. e5 {[%emt 0:00:00]} Nd5 {[%emt 0:00:04]} 4. d4 {[%emt 0:00:12]} cxd4 {[%emt 0:00:07]} 5. Nf3 {[%emt 0:00:10]} Nc6 {[%emt 0:01:36]} 6. cxd4 {[%emt 0:00:26]} d6 {[%emt 0:00:19]} 7. Bc4 {[%emt 0:00:09]} Nb6 {[%emt 0:03:39]} 8. Bb5 {[%emt 0:00:59]} dxe5 {[%emt 0:00:46]} 9. Nxe5 {[%emt 0:00:37]} Bd7 {[%emt 0:00:06]} 10. Nxd7 {[%emt 0:00:22]} Qxd7 {[%emt 0:00:13]} 11. O-O {[%emt 0:00:37]} Rd8 {[%emt 0:01:15]} 12. Nc3 {[%emt 0:00:56]} e6 {[%emt 0:01:56]} 13. a4 {[%emt 0:00:59]} Be7 {[%emt 0:15:45]} 14. a5 {[%emt 0:04:41]} Nd5 {[%emt 0:00:24]} 15. a6 {[%emt 0:00:15]} O-O {[%emt 0:00:32]} 16. axb7 {[%emt 0:19:11]} Qxb7 {[%emt 0:00:22]} 17. Qa4 {[%emt 0:00:57]} Nxd4 {[%emt 0:04:56]} 18. Qxd4 {[%emt 0:09:06]} Nxc3 {[%emt 0:00:45]} 19. Qxc3 {[%emt 0:00:08]} Qxb5 {[%emt 0:00:49]} 20. Rxa7 {[%emt 0:01:18]} Bc5 {[%emt 0:10:51]} 21. Ra1 {[%emt 0:15:45]} Qe2 {[%emt 0:05:47]} 22. Be3 {[%emt 0:10:20]} Bxe3 {[%emt 0:00:40]} 23. Qxe3 {[%emt 0:00:02]} Qxb2 {[%emt 0:00:25]} 24. g3 {[%emt 0:00:15]} Rd5 {[%emt 0:06:12]} 25. Rab1 {[%emt 0:01:09]} Qf6 {[%emt 0:00:33]} 26. Rfd1 {[%emt 0:00:36]} Re5 {[%emt 0:00:29]} 27. Qd3 {[%emt 0:00:56]} Rf5 {[%emt 0:03:41]} 28. Qe2 {[%emt 0:01:02]} g5 {[%emt 0:01:45]} 29. Rb4 {[%emt 0:00:59]} Kg7 {[%emt 0:04:31]} 30. h4 {[%emt 0:03:01]} h6 {[%emt 0:00:06]} 31. hxg5 {[%emt 0:03:29]} hxg5 {[%emt 0:00:08]} 32. Qb2 {[%emt 0:00:14]} Rc8 {[%emt 0:01:43]} 33. Qxf6+ {[%emt 0:00:50]} Kxf6 {[%emt 0:00:06]} 34. Rd2 {[%emt 0:00:15]} Kg6 {[%emt 0:07:31]} 35. Kg2 {[%emt 0:00:26]} Re5 {[%emt 0:02:44]} 36. Rbd4 {[%emt 0:02:27]} Kf5 {[%emt 0:04:06]} 37. Rd8 {[%emt 0:03:34]} Rc1 {[%emt 0:07:20]} 38. Rd1 {[%emt 0:00:46]} Rxd1 {[%emt 0:00:09]} 39. Rxd1 {[%emt 0:00:05]} Re2 {[%emt 0:00:04]} 40. Rd7 {[%emt 0:00:45]} f6 {[%emt 0:00:11]} 41. Re7 {[%emt 0:32:37]} Kg4 {[%emt 0:31:57]} 42. Ra7 {[%emt 0:02:24]} e5 {[%emt 0:01:18]} 43. Ra4+ {[%emt 0:04:57]} e4 {[%emt 0:00:26]} 44. Rb4 {[%emt 0:00:15]} f5 {[%emt 0:02:50]} 45. Ra4 {[%emt 0:00:12]} Rb2 {[%emt 0:01:23]} 46. Rc4 {[%emt 0:00:24]} Ra2 {[%emt 0:00:22]} 47. Rb4 {[%emt 0:00:06]} Rd2 {[%emt 0:00:09]} 48. Ra4 {[%emt 0:00:10]} Re2 {[%emt 0:00:07]} 49. Rb4 {[%emt 0:00:09]} Kh5 {[%emt 0:02:01]} 50. Rb5 {[%emt 0:01:01]} Kg4 {[%emt 0:00:11]} 51. Rb4 {[%emt 0:00:14]} 1/2-1/2